[Event "Grand Swiss "]
[Date "2025.09.09"]
[White "Woodward, Andy"]
[Black "Yuffa, Daniil"]
[WhiteElo "2557"]
[BlackElo "2648"]
[Round "6.6.36"]
[Result "1-0"]

1. d4 {[%clk 01:40:56] [%emt 00:00:03]} Nf6 {[%clk 01:40:32] [%emt 00:00:29]} 2.
c4 {[%clk 01:41:18] [%emt 00:00:08]} e6 {[%clk 01:40:54] [%emt 00:00:08]} 3. g3
{[%clk 01:41:41] [%emt 00:00:07]} c5 {[%clk 01:41:13] [%emt 00:00:11]} 4. d5
{[%clk 01:41:39] [%emt 00:00:32]} exd5 {[%clk 01:41:38] [%emt 00:00:06]} 5. cxd5
{[%clk 01:42:02] [%emt 00:00:07]} d6 {[%clk 01:42:02] [%emt 00:00:05]} 6. Nf3
{[%clk 01:42:22] [%emt 00:00:10]} g6 {[%clk 01:42:10] [%emt 00:00:22]} 7. a4
{[%clk 01:42:27] [%emt 00:00:25]} Bg7 {[%clk 01:41:38] [%emt 00:01:02]} 8. Bg2
{[%clk 01:42:48] [%emt 00:00:09]} O-O {[%clk 01:41:54] [%emt 00:00:14]} 9. Nfd2
{[%clk 01:43:06] [%emt 00:00:11]} Nbd7 {[%clk 01:35:20] [%emt 00:07:05]} 10. O-O
{[%clk 01:42:59] [%emt 00:00:36]} Nh5 {[%clk 01:26:46] [%emt 00:09:04]} 11. Nc4
{[%clk 01:36:53] [%emt 00:06:36]} Ne5 {[%clk 01:20:21] [%emt 00:06:56]} 12. Nba3
{[%clk 01:31:35] [%emt 00:05:48]} b6 {[%clk 01:19:32] [%emt 00:01:20]} 13. Ra2
{[%clk 01:26:26] [%emt 00:05:39]} Ba6 {[%clk 01:05:50] [%emt 00:14:12]} 14. b3
{[%clk 01:26:10] [%emt 00:00:45]} Bxc4 {[%clk 01:02:00] [%emt 00:04:21]} 15.
bxc4 {[%clk 01:24:05] [%emt 00:02:35]} f5 {[%clk 01:00:15] [%emt 00:02:14]} 16.
e3 {[%clk 01:20:33] [%emt 00:04:01]} Nf6 {[%clk 00:57:41] [%emt 00:03:04]} 17.
Bb2 {[%clk 01:14:06] [%emt 00:06:58]} Re8 {[%clk 00:57:21] [%emt 00:00:50]} 18.
a5 {[%clk 01:13:55] [%emt 00:00:41]} bxa5 {[%clk 00:54:43] [%emt 00:03:09]} 19.
Qc2 {[%clk 01:08:28] [%emt 00:05:55]} a6 {[%clk 00:51:34] [%emt 00:03:41]} 20.
Nb1 {[%clk 01:07:42] [%emt 00:01:15]} Nfd7 {[%clk 00:40:55] [%emt 00:11:09]} 21.
Bc3 {[%clk 01:03:01] [%emt 00:05:11]} Qe7 {[%clk 00:33:57] [%emt 00:07:29]} 22.
Nd2 {[%clk 01:02:50] [%emt 00:00:40]} Ng4 {[%clk 00:26:54] [%emt 00:07:33]} 23.
Bxa5 {[%clk 00:59:45] [%emt 00:03:35]} Rab8 {[%clk 00:24:23] [%emt 00:03:00]}
24. h3 {[%clk 00:57:10] [%emt 00:03:05]} Nh6 {[%clk 00:23:10] [%emt 00:01:44]}
25. Nb3 {[%clk 00:54:36] [%emt 00:03:04]} Nf7 {[%clk 00:17:25] [%emt 00:06:14]}
26. Bd2 {[%clk 00:53:29] [%emt 00:01:37]} Rb6 {[%clk 00:16:41] [%emt 00:01:15]}
27. Na5 {[%clk 00:53:26] [%emt 00:00:33]} Ng5 {[%clk 00:16:16] [%emt 00:00:55]}
28. Nc6 {[%clk 00:53:38] [%emt 00:00:17]} Qf6 {[%clk 00:15:47] [%emt 00:01:00]}
29. Rb1 {[%clk 00:49:12] [%emt 00:04:56]} Rxb1+ {[%clk 00:15:05] [%emt
00:01:12]} 30. Qxb1 {[%clk 00:49:36] [%emt 00:00:06]} Ne4 {[%clk 00:15:22] [%emt
00:00:13]} 31. Qb7 {[%clk 00:47:46] [%emt 00:02:20]} Ne5 {[%clk 00:14:57] [%emt
00:00:55]} 32. Bxe4 {[%clk 00:45:24] [%emt 00:02:52]} fxe4 {[%clk 00:14:51]
[%emt 00:00:37]} 33. Nxe5 {[%clk 00:45:48] [%emt 00:00:06]} Qxe5 {[%clk
00:13:56] [%emt 00:01:25]} 34. Rxa6 {[%clk 00:46:08] [%emt 00:00:09]} Bf8 {[%clk
00:11:05] [%emt 00:03:21]} 35. Qb1 {[%clk 00:28:06] [%emt 00:18:32]} Qf5 {[%clk
00:10:16] [%emt 00:01:20]} 36. h4 {[%clk 00:25:52] [%emt 00:02:43]} Re7 {[%clk
00:04:25] [%emt 00:06:20]} 37. Be1 {[%clk 00:25:12] [%emt 00:01:10]} Rf7 {[%clk
00:03:04] [%emt 00:01:52]} 38. Ra8 {[%clk 00:25:39] [%emt 00:00:02]} h5 {[%clk
00:02:37] [%emt 00:00:58]} 39. Re8 {[%clk 00:25:27] [%emt 00:00:42]} Re7 {[%clk
00:02:56] [%emt 00:00:11]} 40. Qb8 {[%clk 00:25:16] [%emt 00:00:41]} Rxe8 {[%clk
00:00:57] [%emt 00:02:29]} 41. Qxe8 {[%clk 00:25:39] [%emt 00:00:06]} Kh7 {[%clk
00:48:59] [%emt 00:02:29]} 42. Bc3 {[%clk 01:14:17] [%emt 00:01:51]} Kh6 {[%clk
00:40:51] [%emt 00:08:38]} 43. Qd8 {[%clk 00:52:23] [%emt 00:22:24]} Qf7 {[%clk
00:34:04] [%emt 00:07:17]} 44. Qf6 {[%clk 00:46:08] [%emt 00:06:45]} Qxf6 {[%clk
00:34:26] [%emt 00:00:09]} 45. Bxf6 {[%clk 00:46:34] [%emt 00:00:04]} Kh7 {[%clk
00:34:05] [%emt 00:00:51]} 46. Kg2 {[%clk 00:46:53] [%emt 00:00:10]} Kg8 {[%clk
00:33:35] [%emt 00:01:00]} 47. g4 {[%clk 00:47:17] [%emt 00:00:06]} hxg4 {[%clk
00:33:49] [%emt 00:00:17]} 48. Kg3 {[%clk 00:47:43] [%emt 00:00:04]} Kf7 {[%clk
00:33:55] [%emt 00:00:23]} 49. Bg5 {[%clk 00:48:08] [%emt 00:00:05]} Bg7 {[%clk
00:33:30] [%emt 00:00:56]} 50. Kxg4 {[%clk 00:48:34] [%emt 00:00:04]} Bc3 {[%clk
00:32:18] [%emt 00:01:41]} 51. Bf4 {[%clk 00:48:56] [%emt 00:00:08]} Ke7 {[%clk
00:32:22] [%emt 00:00:26]} 52. Kg5 {[%clk 00:49:14] [%emt 00:00:12]} Bf6+ {[%clk
00:32:37] [%emt 00:00:15]} 53. Kxg6 {[%clk 00:49:39] [%emt 00:00:06]} Bxh4
{[%clk 00:33:03] [%emt 00:00:04]} 54. Bg5+ {[%clk 00:50:02] [%emt 00:00:06]} 1-0

[Site "Europe Echecs"]

[Event "Grand Swiss "]
[Date "2025.09.09"]
[White "Lu, Shanglei"]
[Black "Zemlyanskii, Ivan"]
[WhiteElo "2647"]
[BlackElo "2586"]
[Round "6.6.37"]
[Result "1/2-1/2"]

1. e4 {[%clk 01:40:53] [%emt 00:00:06]} c5 {[%clk 01:40:55] [%emt 00:00:06]} 2.
Nf3 {[%clk 01:40:44] [%emt 00:00:38]} a6 {[%clk 01:41:17] [%emt 00:00:09]} 3. c4
{[%clk 01:40:24] [%emt 00:00:50]} Nc6 {[%clk 01:41:38] [%emt 00:00:09]} 4. d4
{[%clk 01:39:31] [%emt 00:01:23]} cxd4 {[%clk 01:42:01] [%emt 00:00:07]} 5. Nxd4
{[%clk 01:38:15] [%emt 00:01:46]} Nf6 {[%clk 01:42:27] [%emt 00:00:04]} 6. Nc3
{[%clk 01:32:58] [%emt 00:05:46]} e5 {[%clk 01:42:53] [%emt 00:00:05]} 7. Nf5
{[%clk 01:28:44] [%emt 00:04:44]} d5 {[%clk 01:43:17] [%emt 00:00:06]} 8. cxd5
{[%clk 01:29:11] [%emt 00:00:03]} Bxf5 {[%clk 01:43:41] [%emt 00:00:06]} 9. exf5
{[%clk 01:29:39] [%emt 00:00:03]} Nd4 {[%clk 01:44:05] [%emt 00:00:07]} 10. g4
{[%clk 01:30:06] [%emt 00:00:02]} h5 {[%clk 01:44:24] [%emt 00:00:11]} 11. g5
{[%clk 01:30:32] [%emt 00:00:04]} Nxd5 {[%clk 01:44:50] [%emt 00:00:04]} 12. Bg2
{[%clk 01:31:00] [%emt 00:00:02]} Bb4 {[%clk 01:45:13] [%emt 00:00:07]} 13. Bd2
{[%clk 01:31:26] [%emt 00:00:03]} Nf4 {[%clk 01:45:35] [%emt 00:00:09]} 14. Bxf4
{[%clk 01:31:51] [%emt 00:00:04]} exf4 {[%clk 01:46:00] [%emt 00:00:05]} 15. O-O
{[%clk 01:32:17] [%emt 00:00:04]} f3 {[%clk 01:43:30] [%emt 00:03:00]} 16. Qa4+
{[%clk 01:30:38] [%emt 00:02:09]} b5 {[%clk 01:43:57] [%emt 00:00:03]} 17. Rfe1+
{[%clk 01:31:04] [%emt 00:00:04]} Be7 {[%clk 01:44:23] [%emt 00:00:04]} 18. Qd1
{[%clk 01:31:31] [%emt 00:00:03]} fxg2 {[%clk 01:44:40] [%emt 00:00:12]} 19. f6
{[%clk 01:31:59] [%emt 00:00:02]} gxf6 {[%clk 01:45:02] [%emt 00:00:09]} 20.
gxf6 {[%clk 01:32:26] [%emt 00:00:02]} Ra7 {[%clk 01:44:27] [%emt 00:01:04]} 21.
Re4 {[%clk 01:26:32] [%emt 00:06:24]} Ne6 {[%clk 01:43:33] [%emt 00:01:24]} 22.
fxe7 {[%clk 01:25:31] [%emt 00:01:31]} Qxd1+ {[%clk 01:40:23] [%emt 00:03:40]}
23. Rxd1 {[%clk 01:25:46] [%emt 00:00:15]} Kxe7 {[%clk 01:40:45] [%emt
00:00:08]} 24. f4 {[%clk 01:16:16] [%emt 00:10:01]} Kf6 {[%clk 01:22:25] [%emt
00:18:49]} 25. Kxg2 {[%clk 01:10:16] [%emt 00:06:30]} Kg7 {[%clk 01:06:34] [%emt
00:16:21]} 26. Kf3 {[%clk 01:04:18] [%emt 00:06:29]} Rc7 {[%clk 01:02:14] [%emt
00:04:51]} 27. h4 {[%clk 00:44:33] [%emt 00:20:15]} Rc5 {[%clk 00:56:43] [%emt
00:06:00]} 28. Rd5 {[%clk 00:37:08] [%emt 00:07:55]} Rd8 {[%clk 00:40:29] [%emt
00:16:45]} 29. Rxd8 {[%clk 00:31:14] [%emt 00:06:25]} Nxd8 {[%clk 00:40:27]
[%emt 00:00:30]} 30. Re5 {[%clk 00:31:36] [%emt 00:00:09]} Ne6 {[%clk 00:28:19]
[%emt 00:12:38]} 31. Rxc5 {[%clk 00:24:46] [%emt 00:07:21]} Nxc5 {[%clk
00:28:45] [%emt 00:00:04]} 32. Ke3 {[%clk 00:22:43] [%emt 00:02:33]} Kf6 {[%clk
00:15:49] [%emt 00:13:26]} 33. b4 {[%clk 00:23:05] [%emt 00:00:08]} Nb7 {[%clk
00:12:57] [%emt 00:03:22]} 34. Ne4+ {[%clk 00:21:15] [%emt 00:02:19]} Kf5 {[%clk
00:11:47] [%emt 00:01:40]} 35. Kf3 {[%clk 00:21:40] [%emt 00:00:06]} Kg6 {[%clk
00:10:30] [%emt 00:01:47]} 36. a3 {[%clk 00:07:16] [%emt 00:14:54]} f6 {[%clk
00:08:47] [%emt 00:02:13]} 37. Ke3 {[%clk 00:07:08] [%emt 00:00:37]} Kf5 {[%clk
00:09:05] [%emt 00:00:13]} 38. Kf3 {[%clk 00:07:34] [%emt 00:00:03]} Kg6 {[%clk
00:09:15] [%emt 00:00:21]} 39. Ke2 {[%clk 00:07:12] [%emt 00:00:52]} Kf5 {[%clk
00:07:11] [%emt 00:02:34]} 40. Ke3 {[%clk 00:07:21] [%emt 00:00:21]} a5 {[%clk
00:05:44] [%emt 00:01:57]} 41. Kf3 {[%clk 00:05:13] [%emt 00:02:38]} axb4 {[%clk
00:04:25] [%emt 00:01:50]} 42. axb4 {[%clk 00:05:05] [%emt 00:00:38]} Kg6 {[%clk
00:02:14] [%emt 00:02:40]} 43. Ke2 {[%clk 00:45:40] [%emt 00:09:55]} Kf5 {[%clk
00:52:05] [%emt 00:00:39]} 44. Ke3 {[%clk 00:45:53] [%emt 00:00:17]} Nd8 {[%clk
00:52:06] [%emt 00:00:30]} 45. Kf3 {[%clk 00:46:10] [%emt 00:00:13]} Nc6 {[%clk
00:52:20] [%emt 00:00:16]} 46. Nd6+ {[%clk 00:46:35] [%emt 00:00:05]} Kg6 {[%clk
00:51:30] [%emt 00:01:20]} 47. f5+ {[%clk 00:46:25] [%emt 00:00:40]} Kg7 {[%clk
00:51:51] [%emt 00:00:10]} 48. Nxb5 {[%clk 00:46:42] [%emt 00:00:13]} Nxb4
{[%clk 00:52:19] [%emt 00:00:02]} 49. Ke4 {[%clk 00:46:40] [%emt 00:00:31]} Nc6
{[%clk 00:52:09] [%emt 00:00:40]} 50. Nd4 {[%clk 00:44:10] [%emt 00:02:59]} Ne5
{[%clk 00:52:24] [%emt 00:00:16]} 51. Ne6+ {[%clk 00:44:27] [%emt 00:00:13]} Kh6
{[%clk 00:52:25] [%emt 00:00:29]} 52. Nf4 {[%clk 00:44:41] [%emt 00:00:15]} Ng4
{[%clk 00:52:23] [%emt 00:00:34]} 53. Kd5 {[%clk 00:44:00] [%emt 00:01:11]} Nh2
{[%clk 00:52:23] [%emt 00:00:29]} 54. Ke6 {[%clk 00:43:50] [%emt 00:00:41]} Nf3
{[%clk 00:52:31] [%emt 00:00:22]} 55. Kxf6 {[%clk 00:43:37] [%emt 00:00:43]}
Nxh4 {[%clk 00:52:55] [%emt 00:00:06]} 56. Nxh5 {[%clk 00:44:04] [%emt
00:00:03]} Nxf5 {[%clk 00:53:18] [%emt 00:00:07]} 57. Kxf5 {[%clk 00:44:30]
[%emt 00:00:03]} Kxh5 {[%clk 00:53:44] [%emt 00:00:05]} 1/2-1/2

[Site "Europe Echecs"]

[Event "Grand Swiss "]
[Date "2025.09.09"]
[White "Fedoseev, Vladimir"]
[Black "Hakobyan, Aram"]
[WhiteElo "2731"]
[BlackElo "2625"]
[Round "6.6.38"]
[Result "1/2-1/2"]

1. d4 {[%clk 01:40:50] [%emt 00:00:08]} Nf6 {[%clk 01:40:13] [%emt 00:00:47]} 2.
c4 {[%clk 01:41:13] [%emt 00:00:07]} g6 {[%clk 01:40:34] [%emt 00:00:09]} 3. Nc3
{[%clk 01:41:32] [%emt 00:00:12]} d5 {[%clk 01:40:50] [%emt 00:00:14]} 4. Bf4
{[%clk 01:40:20] [%emt 00:01:41]} Bg7 {[%clk 01:40:29] [%emt 00:00:51]} 5. e3
{[%clk 01:40:39] [%emt 00:00:11]} O-O {[%clk 01:40:06] [%emt 00:00:53]} 6. Rc1
{[%clk 01:40:41] [%emt 00:00:28]} c5 {[%clk 01:37:52] [%emt 00:02:45]} 7. dxc5
{[%clk 01:39:46] [%emt 00:01:25]} Nbd7 {[%clk 01:36:28] [%emt 00:01:54]} 8. cxd5
{[%clk 01:35:58] [%emt 00:04:17]} Qa5 {[%clk 01:36:37] [%emt 00:00:22]} 9. f3
{[%clk 01:33:37] [%emt 00:02:51]} Nxc5 {[%clk 01:35:54] [%emt 00:01:12]} 10. e4
{[%clk 01:33:54] [%emt 00:00:14]} b5 {[%clk 01:32:17] [%emt 00:04:07]} 11. b4
{[%clk 01:32:55] [%emt 00:01:30]} Qxb4 {[%clk 01:32:45] [%emt 00:00:03]} 12. Bd2
{[%clk 01:33:18] [%emt 00:00:07]} Qd4 {[%clk 01:10:04] [%emt 00:23:11]} 13. Nxb5
{[%clk 01:30:18] [%emt 00:03:31]} Nd3+ {[%clk 01:09:46] [%emt 00:00:47]} 14.
Bxd3 {[%clk 01:30:41] [%emt 00:00:06]} Qxd3 {[%clk 01:10:09] [%emt 00:00:08]}
15. a4 {[%clk 01:13:43] [%emt 00:17:29]} Nh5 {[%clk 01:04:46] [%emt 00:05:53]}
16. Ne2 {[%clk 01:06:37] [%emt 00:07:36]} f5 {[%clk 00:37:09] [%emt 00:28:07]}
17. exf5 {[%clk 01:04:01] [%emt 00:03:06]} Rxf5 {[%clk 00:36:22] [%emt
00:01:17]} 18. Qc2 {[%clk 00:55:37] [%emt 00:08:53]} Qxc2 {[%clk 00:32:08] [%emt
00:04:45]} 19. Rxc2 {[%clk 00:56:01] [%emt 00:00:06]} Nf6 {[%clk 00:27:40] [%emt
00:04:58]} 20. Nc7 {[%clk 00:47:55] [%emt 00:08:36]} Rb8 {[%clk 00:27:59] [%emt
00:00:11]} 21. Ng3 {[%clk 00:47:28] [%emt 00:00:56]} Rb1+ {[%clk 00:23:19] [%emt
00:05:10]} 22. Rc1 {[%clk 00:47:31] [%emt 00:00:28]} Re5+ {[%clk 00:23:11] [%emt
00:00:38]} 23. Kd1 {[%clk 00:44:04] [%emt 00:03:56]} Rxc1+ {[%clk 00:21:26]
[%emt 00:02:16]} 24. Kxc1 {[%clk 00:43:49] [%emt 00:00:45]} Nxd5 {[%clk
00:19:40] [%emt 00:02:15]} 25. f4 {[%clk 00:44:04] [%emt 00:00:15]} Nxf4 {[%clk
00:20:05] [%emt 00:00:06]} 26. Bxf4 {[%clk 00:44:30] [%emt 00:00:04]} Rc5+
{[%clk 00:20:28] [%emt 00:00:07]} 27. Kb1 {[%clk 00:44:55] [%emt 00:00:05]} Rc4
{[%clk 00:20:27] [%emt 00:00:31]} 28. Nd5 {[%clk 00:45:23] [%emt 00:00:02]} Bb7
{[%clk 00:15:53] [%emt 00:05:04]} 29. Nxe7+ {[%clk 00:45:12] [%emt 00:00:41]}
Kf7 {[%clk 00:16:21] [%emt 00:00:02]} 30. Bd6 {[%clk 00:45:31] [%emt 00:00:11]}
Bxg2 {[%clk 00:15:44] [%emt 00:01:06]} 31. Re1 {[%clk 00:41:43] [%emt 00:04:17]}
Rxa4 {[%clk 00:15:04] [%emt 00:01:11]} 32. Kc2 {[%clk 00:41:50] [%emt 00:00:22]}
Bf6 {[%clk 00:11:47] [%emt 00:03:47]} 33. Kb3 {[%clk 00:40:30] [%emt 00:01:51]}
Ra6 {[%clk 00:10:50] [%emt 00:01:27]} 34. Bc5 {[%clk 00:39:49] [%emt 00:01:10]}
Re6 {[%clk 00:07:16] [%emt 00:04:04]} 35. Rxe6 {[%clk 00:39:58] [%emt 00:00:22]}
Kxe6 {[%clk 00:07:43] [%emt 00:00:03]} 36. Nc8 {[%clk 00:40:19] [%emt 00:00:08]}
a6 {[%clk 00:07:30] [%emt 00:00:44]} 37. Nb6 {[%clk 00:40:40] [%emt 00:00:09]}
Be5 {[%clk 00:06:25] [%emt 00:01:35]} 38. Nc4 {[%clk 00:37:59] [%emt 00:03:11]}
Bxg3 {[%clk 00:05:19] [%emt 00:01:36]} 1/2-1/2

[Site "Europe Echecs"]

[Event "Grand Swiss "]
[Date "2025.09.09"]
[White "Eljanov, Pavel"]
[Black "Santos Latasa, Jaime"]
[WhiteElo "2682"]
[BlackElo "2620"]
[Round "6.6.39"]
[Result "1/2-1/2"]

1. e4 {[%clk 01:40:57] [%emt 00:00:02]} e5 {[%clk 01:40:54] [%emt 00:00:07]} 2.
Nf3 {[%clk 01:41:22] [%emt 00:00:05]} Nc6 {[%clk 01:41:20] [%emt 00:00:04]} 3.
Bc4 {[%clk 01:41:25] [%emt 00:00:27]} Bc5 {[%clk 01:40:07] [%emt 00:01:44]} 4.
c3 {[%clk 01:41:11] [%emt 00:00:44]} Nf6 {[%clk 01:40:31] [%emt 00:00:06]} 5. d3
{[%clk 01:41:38] [%emt 00:00:03]} d6 {[%clk 01:40:55] [%emt 00:00:06]} 6. O-O
{[%clk 01:42:01] [%emt 00:00:06]} a5 {[%clk 01:41:01] [%emt 00:00:25]} 7. Re1
{[%clk 01:42:15] [%emt 00:00:16]} O-O {[%clk 01:40:54] [%emt 00:00:36]} 8. h3
{[%clk 01:42:16] [%emt 00:00:29]} h6 {[%clk 01:40:36] [%emt 00:00:48]} 9. Nbd2
{[%clk 01:40:58] [%emt 00:01:48]} Be6 {[%clk 01:40:02] [%emt 00:01:04]} 10. Bb5
{[%clk 01:40:33] [%emt 00:00:54]} Ba7 {[%clk 01:37:10] [%emt 00:03:22]} 11. Nf1
{[%clk 01:30:27] [%emt 00:10:36]} Ne7 {[%clk 01:36:02] [%emt 00:01:39]} 12. Ng3
{[%clk 01:29:56] [%emt 00:01:01]} c6 {[%clk 01:36:17] [%emt 00:00:15]} 13. Ba4
{[%clk 01:30:22] [%emt 00:00:04]} b5 {[%clk 01:36:43] [%emt 00:00:04]} 14. Bb3
{[%clk 01:25:44] [%emt 00:05:07]} Bxb3 {[%clk 01:33:13] [%emt 00:04:01]} 15.
axb3 {[%clk 01:18:57] [%emt 00:07:18]} Ng6 {[%clk 01:31:57] [%emt 00:01:45]} 16.
Nf5 {[%clk 01:08:14] [%emt 00:11:13]} d5 {[%clk 01:27:18] [%emt 00:05:10]} 17.
exd5 {[%clk 00:49:39] [%emt 00:19:04]} Nxd5 {[%clk 01:23:13] [%emt 00:04:35]}
18. Nxe5 {[%clk 00:43:30] [%emt 00:06:40]} Nxe5 {[%clk 01:06:42] [%emt
00:17:01]} 19. Rxe5 {[%clk 00:43:53] [%emt 00:00:07]} Qf6 {[%clk 01:06:55] [%emt
00:00:17]} 20. Qh5 {[%clk 00:40:44] [%emt 00:03:39]} Rae8 {[%clk 01:05:52] [%emt
00:01:33]} 21. d4 {[%clk 00:37:58] [%emt 00:03:16]} Bb8 {[%clk 01:03:58] [%emt
00:02:24]} 22. Rxe8 {[%clk 00:36:54] [%emt 00:01:34]} Rxe8 {[%clk 01:04:10]
[%emt 00:00:18]} 23. Bd2 {[%clk 00:37:16] [%emt 00:00:08]} Bf4 {[%clk 00:57:13]
[%emt 00:07:27]} 24. Bxf4 {[%clk 00:35:38] [%emt 00:02:07]} Nxf4 {[%clk
00:56:42] [%emt 00:01:02]} 25. Qg4 {[%clk 00:36:01] [%emt 00:00:06]} Nd3 {[%clk
00:53:04] [%emt 00:04:09]} 26. Qf3 {[%clk 00:17:23] [%emt 00:19:07]} Ne1 {[%clk
00:52:59] [%emt 00:00:36]} 27. Qg4 {[%clk 00:17:49] [%emt 00:00:04]} Nd3 {[%clk
00:53:10] [%emt 00:00:19]} 28. h4 {[%clk 00:17:18] [%emt 00:01:01]} Nxb2 {[%clk
00:45:50] [%emt 00:07:50]} 29. Rxa5 {[%clk 00:12:17] [%emt 00:05:31]} Nd3 {[%clk
00:38:18] [%emt 00:08:02]} 30. Qf3 {[%clk 00:07:23] [%emt 00:05:24]} Nc1 {[%clk
00:32:40] [%emt 00:06:09]} 31. Ra6 {[%clk 00:06:21] [%emt 00:01:32]} Re6 {[%clk
00:32:38] [%emt 00:00:32]} 32. g4 {[%clk 00:03:08] [%emt 00:03:43]} Kh7 {[%clk
00:31:08] [%emt 00:02:00]} 33. Kg2 {[%clk 00:00:55] [%emt 00:02:43]} g6 {[%clk
00:24:45] [%emt 00:06:53]} 34. Ng3 {[%clk 00:00:39] [%emt 00:00:45]} Qxf3+
{[%clk 00:21:15] [%emt 00:04:00]} 35. Kxf3 {[%clk 00:01:07] [%emt 00:00:02]}
Nxb3 {[%clk 00:21:35] [%emt 00:00:10]} 36. Ne4 {[%clk 00:00:51] [%emt 00:00:46]}
b4 {[%clk 00:21:15] [%emt 00:00:51]} 37. Rb6 {[%clk 00:00:37] [%emt 00:00:44]}
f5 {[%clk 00:21:39] [%emt 00:00:06]} 38. Rb7+ {[%clk 00:00:46] [%emt 00:00:21]}
Kg8 {[%clk 00:22:01] [%emt 00:00:08]} 39. gxf5 {[%clk 00:00:41] [%emt 00:00:35]}
gxf5 {[%clk 00:22:23] [%emt 00:00:08]} 40. Nc5 {[%clk 00:00:36] [%emt 00:00:35]}
Nxc5 {[%clk 00:21:39] [%emt 00:01:14]} 41. dxc5 {[%clk 00:00:59] [%emt
00:00:06]} bxc3 {[%clk 00:22:04] [%emt 00:00:05]} 42. Rb3 {[%clk 00:00:41] [%emt
00:00:48]} Re4 {[%clk 00:20:58] [%emt 00:01:37]} 43. Rxc3 {[%clk 00:01:07] [%emt
00:00:04]} Rxh4 {[%clk 00:21:22] [%emt 00:00:05]} 44. Kg3 {[%clk 00:42:31] [%emt
00:09:05]} Rg4+ {[%clk 01:07:27] [%emt 00:04:25]} 45. Kf3 {[%clk 00:42:18] [%emt
00:00:44]} Kf7 {[%clk 01:06:24] [%emt 00:01:33]} 46. Rd3 {[%clk 00:42:29] [%emt
00:00:19]} Re4 {[%clk 01:05:59] [%emt 00:00:55]} 47. Rd7+ {[%clk 00:35:59] [%emt
00:07:00]} Re7 {[%clk 01:02:49] [%emt 00:03:40]} 48. Rd8 {[%clk 00:25:54] [%emt
00:10:35]} Re5 {[%clk 00:58:52] [%emt 00:04:26]} 49. Kf4 {[%clk 00:16:28] [%emt
00:09:57]} Rxc5 {[%clk 00:58:36] [%emt 00:00:46]} 50. Rd6 {[%clk 00:16:53] [%emt
00:00:04]} h5 {[%clk 00:57:22] [%emt 00:01:45]} 51. Rh6 {[%clk 00:15:17] [%emt
00:02:06]} h4 {[%clk 00:56:14] [%emt 00:01:39]} 52. Kg5 {[%clk 00:13:50] [%emt
00:01:57]} Ke7 {[%clk 00:56:04] [%emt 00:00:40]} 53. f4 {[%clk 00:13:04] [%emt
00:01:16]} Kd7 {[%clk 00:55:10] [%emt 00:01:24]} 54. Rh7+ {[%clk 00:13:22] [%emt
00:00:12]} Kd6 {[%clk 00:54:22] [%emt 00:01:18]} 55. Rh6+ {[%clk 00:13:01] [%emt
00:00:51]} Kc7 {[%clk 00:54:20] [%emt 00:00:32]} 56. Rxh4 {[%clk 00:11:43] [%emt
00:01:48]} Rd5 {[%clk 00:53:56] [%emt 00:00:53]} 57. Kf6 {[%clk 00:10:45] [%emt
00:01:27]} Kd6 {[%clk 00:52:57] [%emt 00:01:29]} 58. Rh1 {[%clk 00:09:32] [%emt
00:01:44]} c5 {[%clk 00:50:57] [%emt 00:02:31]} 59. Rc1 {[%clk 00:09:26] [%emt
00:00:35]} Kd7 {[%clk 00:51:21] [%emt 00:00:06]} 60. Rc2 {[%clk 00:09:29] [%emt
00:00:27]} Kd6 {[%clk 00:51:47] [%emt 00:00:05]} 1/2-1/2

[Site "Europe Echecs"]